Fancy Vocabulary #7 - Statistics

General Stats
  • This quiz has been taken 8,469 times
  • The average score is 10 of 20
Answer Stats
Definition Answer % Correct
Favouritism towards relatives Ne{potism}
87%
Relating to old people Ge{riatric}
85%
Sluggish, tired Le{thargic}
73%
Noble, generous Mag{nanimous}
63%
Theft, robbery La{rceny}
62%
Lowest point N{adir}
59%
Calm, peaceful Pac{ific}
56%
To turn into bone Os{sify}
51%
Split, division, rift Sc{hism}
51%
Bandit, ruffian Bri{gand}
49%
Burdensome, difficult On{erous}
48%
Huge, overwhelming force Ju{ggernaut}
43%
Lengthy process Rig{marole}
38%
Offense, annoyance Um{brage}
37%
Inferno, raging fire Con{flagration}
36%
Misgiving, anxiety Qu{alm}
36%
Food connoisseur Ep{icure}
34%
Culmination, highest point Apo{gee}
32%
Strong verbal attack Pol{emic}
25%
Narrow-minded Par{ochial}
11%
No matching quizzes found
Score Distribution
Percent of People with Each Score
Percentile by Number Answered
Your Score History
You have not taken this quiz